000 00311nam a22001217a 4500
008 230619b xxu||||| |||| 00| 0 eng d
082 _a297.
_bAND
100 _cJ. N. D. Anderson
245 _aIslamic Law in Africa
260 _aLondon
_bHer Majesty's Stationery Office
_c1954
300 _a409p
942 _2ddc
_cBK
999 _c1256
_d1256